A history of political thought (Record no. 28497)

MARC details
000 -LEADER
fixed length control field 00831nam a2200157Ia 4500
008 - FIXED-LENGTH DATA ELEMENTS--GENERAL INFORMATION
fixed length control field 210323s9999||||xx |||||||||||||| ||und||
040 ## - CATALOGING SOURCE
Transcribing agency STCPL
082 ## - DEWEY DECIMAL CLASSIFICATION NUMBER
Classification number 320.5
Item number SUK-A
100 ## - MAIN ENTRY--PERSONAL NAME
Personal name Sukjbir Singh
245 #2 - TITLE STATEMENT
Title A history of political thought
260 ## - PUBLICATION, DISTRIBUTION, ETC.
Place of publication, distribution, etc. New Dehi
Name of publisher, distributor, etc. P S Rastogi For Rastogi And Co.
Date of publication, distribution, etc. 1979
300 ## - PHYSICAL DESCRIPTION
Extent VII 21CM
650 ## - SUBJECT ADDED ENTRY--TOPICAL TERM
Topical term or geographic name entry element Political SciencePolitical Theories And IdeologiesSUMMARY OF ATOMIC AND MOLECULAR STRUCTURE, LIGHT SOURCES AND DETECTORS, DISPERSION AND RESOLVING POWER. PRISM SPECTROGRAPHS, DIFFRACTION GRATINGS, INTERFEROMETERS, MICROWAVE AND RADIOFREQUENCY SPECTROSCOPY, WIDTH AND SHAPE OF SPECTRAL LINES, EMISSION AND ABSORPTION OF LINE RADIATION, EEXPERIMENTAL DETERMINATION OF TRANSITION PROBABILITIES AND RADIATIVE LIFETIMES, ELEMENTARY PLASMA SPECTROSCOPY
942 ## - ADDED ENTRY ELEMENTS (KOHA)
Koha item type Books
041 ## - LANGUAGE CODE
Language code of original English
Holdings
Withdrawn status Lost status Damaged status Not for loan Home library Current library Shelving location Date acquired Cost, normal purchase price Total Checkouts Full call number Barcode Date last seen Price effective from Koha item type
        ST. THOMAS COLLEGE LIBRARY, PALAI ST. THOMAS COLLEGE LIBRARY, PALAI   2021-07-10 27.50   320.5 SUK-A 40603 2021-07-10 2021-07-10 Books
Rights reserved ©2021 ST. THOMAS COLLEGE LIBRARY
A joint venture of - St. Thomas College Library and
Department of Computer Science, St. Thomas Collge Palai